000
00285nam a2200121 a 4500
008
101021s1977|||| d
100
1
_a
Kunecká a Maštakovová
245
1
0
_a
Nadežda Krupská
260
_b
Obzor
_a
Bratislava
_c
1977
041
_a
slo
020
_c
27
044
_a
xo
_c
SK
999
_c
11926
_d
11926